Loading...

Naattarivu: bhaagam 1

Bibliographic Details
Main Author: Anil, K M; Editor
Format: Printed Book
Published: Thiruvananthapuram, Chintha Publishers 2009
Series:1
Subjects:
LEADER 006150000a22002050004500
020 |a 978-81-262-0401-4 
040 |a MAL 
082 |a 398.095 483 32P9.1 
100 |a Anil, K M; Editor 
245 |a Naattarivu: bhaagam 1 
250
260 |a Thiruvananthapuram, Chintha Publishers 
260 |c 2009 
460 |a v 1 (136p) 
465 |a Rs.90.00 
490 |a 1 
500 |a ed by K M Anil 
650 |a Folklore-Kerala 
999 |c 45701  |d 45701 
952 |0 0  |1 0  |4 0  |6 398_095000000000000_483_32P9_1  |7 0  |8 MAL  |9 46424  |a MGUL  |b MGUL  |d 2013-07-16  |e Rs.90.00  |l 3  |o 398.095 483 32P9.1  |p 44092  |r 2019-12-19  |s 2019-11-21  |w 2013-07-16  |y BK